Twice Songs by the Alphabet (Easy Ver.) - Statistics

General Stats
  • This quiz has been taken 395 times
  • The average score is 8 of 23
Answer Stats
Letter Answer % Correct
C Cheer Up
74%
A Alcohol Free
65%
F Fancy
65%
D Dance the Night Away
60%
W What is Love?
55%
Y Yes or Yes
53%
I I Can't Stop Me
51%
L Like Ooh-Aah
51%
M More and More
48%
H Heartshaker
47%
K Knock Knock
42%
T Talk That Talk
41%
S Set Me Free
37%
Q Queen
23%
G Go Hard
21%
J Jelly Jelly
13%
E Espresso
11%
U Up No More
7%
N Next Page
4%
P Precious Love
4%
R Rollin
4%
B Blame it on Me
3%
O Only You
3%
No matching quizzes found
Score Distribution
Percent of People with Each Score
Percentile by Number Answered
Your Score History
You have not taken this quiz